[Event "Outaouais-ch reserve"]
[Site "Gatineau CAN"]
[Date "2016.04.12"]
[Round "1"]
[White "Villeneuve, Luc"]
[Black "Clermont, Yves"]
[Result "0-1"]
[WhiteElo "1621"]
[BlackElo "1179"]
[PlyCount "64"]
[EventDate "2016.04.12"]
[EventType "swiss"]
[EventRounds "7"]
[EventCountry "CAN"]

1. Nf3 d5 2. c4 c6 3. Qa4 Bd7 4. cxd5 cxd5 5. Qb3 Bc6 6. d4 Nf6 7. Nc3 e6 8.
Bf4 Bd6 9. Be5 O-O 10. O-O-O a5 11. e4 Nxe4 12. Nxe4 dxe4 13. d5 exf3 14. dxc6
Qg5+ 15. Kb1 Qxe5 16. Qxb7 Qe4+ 17. Bd3 Qxc6 18. Qxc6 Nxc6 19. Be4 fxg2 20.
Rhg1 Bxh2 21. Rxg2 Be5 22. Bxc6 Rab8 23. f4 Bxf4 24. Rd4 Rfc8 25. Rc2 Be5 26.
Rdc4 g5 27. Rc5 f6 28. b3 Rd8 29. Bf3 Kg7 30. Rxa5 Rbc8 31. Ra7+ Kg6 32. Re2
Rd1# 0-1

[Event "Outaouais-ch reserve"]
[Site "Gatineau CAN"]
[Date "2016.04.26"]
[Round "3"]
[White "Arcand, Pierre"]
[Black "Simard, Paul"]
[Result "1-0"]
[WhiteElo "1114"]
[BlackElo "1175"]
[PlyCount "111"]
[EventDate "2016.04.12"]
[EventType "swiss"]
[EventRounds "7"]
[EventCountry "CAN"]

1. e4 e5 2. Nf3 d6 3. Nc3 Nd7 4. Bb5 Be7 5. O-O Ngf6 6. d4 O-O 7. dxe5 dxe5 8.
Bg5 c6 9. Bc4 b5 10. Bxf6 bxc4 11. Bxe7 Qxe7 12. b3 Ba6 13. Re1 Rfd8 14. bxc4
Bxc4 15. Re3 Nc5 16. Qe1 Rab8 17. Rb1 Qd6 18. Rd1 Qe7 19. Rxd8+ Rxd8 20. Nd2
Ba6 21. h3 Ne6 22. Nf3 Nf4 23. Kh2 Rd6 24. g3 Nh5 25. Nh4 g6 26. Rf3 Bc8 27.
Rd3 Rf6 28. Qd2 Qe6 29. Rd8+ Kg7 30. Nf5+ Rxf5 31. exf5 Qxf5 32. g4 Qe6 33. Rd6
Qe7 34. gxh5 Qh4 35. Qe3 Qxh5 36. Rxc6 Qf5 37. Rc5 Kf6 38. Ne4+ Kg7 39. Nd6
Qxh3+ 40. Qxh3 Bxh3 41. Kxh3 Kf6 42. Ne8+ Ke6 43. a4 e4 44. a5 f5 45. Rc7 f4
46. Rxh7 Kf5 47. Rxa7 e3 48. Nd6+ Ke5 49. fxe3 fxe3 50. Re7+ Kf4 51. Rxe3 Kxe3
52. Nf7 Kd4 53. a6 Kc5 54. a7 g5 55. Nxg5 Kb6 56. a8=Q 1-0

[Event "Outaouais-ch reserve"]
[Site "Gatineau CAN"]
[Date "2016.04.26"]
[Round "3"]
[White "Bourbonnais, Luc"]
[Black "Legare, Gilles"]
[Result "1-0"]
[WhiteElo "1278"]
[BlackElo "1016"]
[PlyCount "61"]
[EventDate "2016.04.12"]
[EventType "swiss"]
[EventRounds "7"]
[EventCountry "CAN"]

1. e4 c5 2. Nf3 Nc6 3. d4 e6 4. Nc3 cxd4 5. Nxd4 Nxd4 6. Qxd4 b6 7. Bc4 Bc5 8.
Qd3 e5 9. Qd5 Qf6 10. Qxa8 Qxf2+ 11. Kd1 Ne7 12. Nd5 O-O 13. Nxe7+ Bxe7 14. Qd5
Qxg2 15. Rf1 Bf6 16. Bh6 Qg6 17. Be3 d6 18. Kd2 Be6 19. Qd3 Bxc4 20. Qxc4 b5
21. Qd5 a5 22. Kc3 Rc8+ 23. Kb3 h6 24. c3 Kh7 25. Rac1 Rc4 26. Rf5 a4+ 27. Ka3
b4+ 28. cxb4 Rxc1 29. Bxc1 Qg2 30. Qd2 Qxh2 31. Qxh2 1-0

[Event "Outaouais-ch reserve"]
[Site "Gatineau CAN"]
[Date "2016.04.26"]
[Round "3"]
[White "Danilov, Alex"]
[Black "Thibault, Mario"]
[Result "0-1"]
[WhiteElo "1763"]
[BlackElo "1767"]
[PlyCount "150"]
[EventDate "2016.04.12"]
[EventType "swiss"]
[EventRounds "7"]
[EventCountry "CAN"]

1. d4 Nf6 2. Bf4 g6 3. Nf3 Bg7 4. Nc3 d6 5. h3 O-O 6. e4 c6 7. Be2 Qa5 8. O-O
Nbd7 9. Qd2 e5 10. Bh6 Re8 11. Bxg7 Kxg7 12. Rfd1 Nf8 13. d5 c5 14. Nb5 Qd8 15.
Nc3 a6 16. a4 Bd7 17. a5 b5 18. axb6 Qxb6 19. g4 h6 20. Nh2 Qb4 21. f3 c4 22.
b3 Qb6+ 23. Kg2 cxb3 24. cxb3 Rec8 25. Rdb1 Qb4 26. Bc4 a5 27. Nf1 Qb7 28. Qd3
Ne8 29. Nb5 Rc5 30. Nc3 Rcc8 31. Rb2 a4 32. Rba2 axb3 33. Rxa8 Rxa8 34. Rxa8
Qxa8 35. Bxb3 Qa1 36. Nd2 Nc7 37. Nc4 Nb5 38. Ne2 Nh7 39. Nb6 Be8 40. Bc4 Na3
41. Qc3 Qb1 42. Qb3 Nf6 43. Qxb1 Nxb1 44. Nc8 Na3 45. Nxd6 Nxc4 46. Nxc4 Bb5
47. Nxe5 Bxe2 48. Kf2 Bb5 49. Ke3 Nd7 50. Nc6 f6 51. Kd4 g5 52. Nd8 Bf1 53.
Ne6+ Kf7 54. Nd8+ Kg6 55. Nc6 Bxh3 56. Ne7+ Kf7 57. Nf5 Kg6 58. Ne3 Ne5 59. d6
Nxf3+ 60. Kd5 Ne5 61. Ke6 h5 62. d7 Nxd7 63. Kxd7 Bxg4+ 64. Kd6 Bf3 65. Kd5 h4
66. Kd4 h3 67. Nf1 g4 68. Ke3 Kg5 69. Kf2 Kf4 70. Ng3 Bxe4 71. Ne2+ Kg5 72. Kg3
f5 73. Nf4 Bc2 74. Ne2 Bd1 75. Nf4 h2 0-1

[Event "Outaouais-ch reserve"]
[Site "Gatineau CAN"]
[Date "2016.04.26"]
[Round "3"]
[White "Jobin, Gilles G"]
[Black "Clermont, Yves"]
[Result "1-0"]
[WhiteElo "1773"]
[BlackElo "1179"]
[PlyCount "103"]
[EventDate "2016.04.12"]
[EventType "swiss"]
[EventRounds "7"]
[EventCountry "CAN"]

1. e4 e5 2. Nf3 Nc6 3. d4 d6 4. d5 Nce7 5. c4 Bg4 6. Be2 Nf6 7. Nc3 h5 8. h3
Bxf3 9. Bxf3 g6 10. Bg5 Nh7 11. Be3 Nf6 12. Qb3 Bh6 13. Bxh6 Rxh6 14. O-O-O g5
15. g3 Nd7 16. Ne2 Nc5 17. Qe3 f6 18. h4 Ng8 19. hxg5 fxg5 20. Rxh5 Qf6 21.
Rxg5 O-O-O 22. Rf5 Qg7 23. b4 Nd7 24. Rg5 Rg6 25. Rxg6 Qxg6 26. Rh1 Nb6 27. Qd3
Nf6 28. a4 Nxa4 29. Kc2 Nb6 30. Kb3 a6 31. Qe3 Ng4 32. Bxg4+ Qxg4 33. Rh4 Qg7
34. f4 Rf8 35. f5 Nd7 36. Qh6 Qf6 37. Qxf6 Nxf6 38. Kc3 Kd7 39. Kd3 b5 40. cxb5
axb5 41. Nc3 Rg8 42. Nxb5 Rxg3+ 43. Kc4 Re3 44. Nc3 c6 45. dxc6+ Kxc6 46. b5+
Kb6 47. Nd5+ Nxd5 48. Kxd5 Rd3+ 49. Ke6 Kxb5 50. f6 Rc3 51. f7 Rc8 52. Rg4 1-0

[Event "Outaouais-ch reserve"]
[Site "Gatineau CAN"]
[Date "2016.04.26"]
[Round "3"]
[White "Seguin, Hubert"]
[Black "Lecorre, Joel"]
[Result "1/2-1/2"]
[WhiteElo "1555"]
[BlackElo "1584"]
[PlyCount "77"]
[EventDate "2016.04.12"]
[EventType "swiss"]
[EventRounds "7"]
[EventCountry "CAN"]

1. e4 e5 2. Nf3 Nc6 3. Bb5 a6 4. Ba4 Nf6 5. d4 Nxe4 6. dxe5 Nc5 7. Bxc6 bxc6 8.
O-O Be7 9. Nc3 O-O 10. Re1 d6 11. Bf4 Bg4 12. h3 Bxf3 13. Qxf3 d5 14. Rad1 Rb8
15. b3 Qd7 16. Qg3 Qf5 17. Rd2 Rb4 18. Be3 Ne6 19. Rxd5 cxd5 20. Nxd5 Bh4 21.
Qxh4 Rxh4 22. Ne7+ Kh8 23. Nxf5 Re4 24. Bd2 Rxe1+ 25. Bxe1 Rd8 26. Ne3 Kg8 27.
g3 g5 28. Kf1 Kf8 29. c4 Ke8 30. Nd5 Kf8 31. Ba5 Rc8 32. Ke2 c6 33. Nf6 Kg7 34.
Ne4 h5 35. Nd6 Rg8 36. Ke3 Kg6 37. Ke4 Nc5+ 38. Kd4 Ne6+ 39. Ke4 1/2-1/2

[Event "Outaouais-ch reserve"]
[Site "Gatineau CAN"]
[Date "2016.05.03"]
[Round "4"]
[White "Lecorre, Joel"]
[Black "Clermont, Yves"]
[Result "1-0"]
[WhiteElo "1584"]
[BlackElo "1179"]
[PlyCount "35"]
[EventDate "2016.04.12"]
[EventType "swiss"]
[EventRounds "7"]
[EventCountry "CAN"]

1. e4 e5 2. Bc4 Nf6 3. d4 exd4 4. Nf3 Bc5 5. O-O O-O 6. e5 Ng4 7. h3 Nh6 8.
Bxh6 gxh6 9. Nxd4 Nc6 10. Nf3 Re8 11. Re1 b6 12. Nc3 d6 13. exd6 Rxe1+ 14. Qxe1
Bb7 15. dxc7 Qxc7 16. Nd5 Qg3 17. Nf6+ Kg7 18. Nh5+ 1-0

[Event "Outaouais-ch reserve"]
[Site "Gatineau CAN"]
[Date "2016.05.03"]
[Round "4"]
[White "Legare, Gilles"]
[Black "Simard, Paul"]
[Result "0-1"]
[WhiteElo "1016"]
[BlackElo "1175"]
[PlyCount "66"]
[EventDate "2016.04.12"]
[EventType "swiss"]
[EventRounds "7"]
[EventCountry "CAN"]

1. e4 e5 2. Nf3 d6 3. Nc3 c6 4. d4 Nd7 5. d5 Ngf6 6. Bg5 Be7 7. Be2 O-O 8. O-O
Nc5 9. Bxf6 Bxf6 10. b4 Nd7 11. b5 Qa5 12. Qd2 Nc5 13. dxc6 Be6 14. a4 bxc6 15.
bxc6 a6 16. Bd3 Qc7 17. Nd5 Qxc6 18. Nxf6+ gxf6 19. a5 d5 20. Qc3 Rfc8 21. Nxe5
fxe5 22. Qxe5 dxe4 23. Be2 Qd5 24. Qg3+ Kf8 25. Bg4 Bxg4 26. Qxg4 Qd2 27. Qg3
Qxc2 28. Rab1 Ne6 29. h4 Qc5 30. Qg4 e3 31. fxe3 Qxe3+ 32. Kh1 Rc2 33. Qxe6
Qxe6 0-1

[Event "Outaouais-ch reserve"]
[Site "Gatineau CAN"]
[Date "2016.05.03"]
[Round "4"]
[White "Thibault, Mario"]
[Black "Jobin, Gilles G"]
[Result "1/2-1/2"]
[WhiteElo "1767"]
[BlackElo "1773"]
[PlyCount "99"]
[EventDate "2016.04.12"]
[EventType "swiss"]
[EventRounds "7"]
[EventCountry "CAN"]

1. e4 d6 2. d4 Nf6 3. Nc3 Nbd7 4. Nf3 e5 5. Bc4 Be7 6. h3 O-O 7. O-O c6 8. a4
Qc7 9. Qe2 h6 10. a5 Re8 11. Ba2 Nf8 12. Qc4 Ne6 13. b4 Nxe4 14. Nxe4 d5 15.
Qc3 exd4 16. Nxd4 dxe4 17. Be3 Bf6 18. Rad1 Nxd4 19. Bxd4 Bxd4 20. Rxd4 Bf5 21.
Rfd1 Qe7 22. Qe3 Rad8 23. Qf4 Rxd4 24. Rxd4 Qg5 25. Qxg5 hxg5 26. g4 e3 27.
fxe3 Bxc2 28. Kf2 Re7 29. Rd2 Be4 30. Rd8+ Kh7 31. Bc4 a6 32. Bd3 Bxd3 33. Rxd3
Re4 34. Rd7 Rxb4 35. Rxf7 Kg6 36. Rf5 Rb5 37. e4 Rxf5+ 38. gxf5+ Kf6 39. Ke3
Ke5 40. Kd3 c5 41. Kc4 Kxe4 42. Kxc5 Kxf5 43. Kb6 g4 44. hxg4+ Kxg4 45. Kxb7
Kh3 46. Kxa6 g5 47. Kb7 g4 48. a6 g3 49. a7 g2 50. a8=Q 1/2-1/2

[Event "Outaouais-ch reserve"]
[Site "Gatineau CAN"]
[Date "2016.05.10"]
[Round "5"]
[White "Ethier, Valori"]
[Black "Berthiaume, Serge"]
[Result "0-1"]
[WhiteElo "1363"]
[BlackElo "1462"]
[PlyCount "78"]
[EventDate "2016.04.12"]
[EventType "swiss"]
[EventRounds "7"]
[EventCountry "CAN"]

1. f4 Nc6 2. Nf3 Nf6 3. b3 d5 4. Bb2 Bg4 5. e3 d4 6. Bb5 dxe3 7. O-O Qd5 8. Qe2
O-O-O 9. dxe3 e6 10. Nc3 Bxf3 11. Rxf3 Qc5 12. g3 a6 13. Bd3 h5 14. h4 Ng4 15.
Ne4 Qe7 16. Bxa6 Na7 17. Bd3 e5 18. Raf1 f5 19. fxe5 fxe4 20. Rf7 Qc5 21. Bd4
Rxd4 22. exd4 Qxd4+ 23. Kg2 Ne3+ 24. Kh3 Nxf1 25. Bc4 Qxe5 26. Qxf1 Bd6 27. Qf2
Nc6 28. Rf5 Qc3 29. Be6+ Kb8 30. Rg5 Rf8 31. Rf5 Rf6 32. Qg1 e3 33. Rxh5 Rxe6
34. Rh8+ Ka7 35. Rh5 b6 36. Rd5 e2 37. Rd3 e1=Q 38. Qxe1 Qxe1 39. Kg2 Re3 0-1

[Event "Outaouais-ch reserve"]
[Site "Gatineau CAN"]
[Date "2016.05.17"]
[Round "6"]
[White "Clermont, Yves"]
[Black "Arcand, Pierre"]
[Result "0-1"]
[WhiteElo "1179"]
[BlackElo "1114"]
[PlyCount "50"]
[EventDate "2016.04.12"]
[EventType "swiss"]
[EventRounds "7"]
[EventCountry "CAN"]

1. e4 e5 2. Bc4 Nf6 3. d3 Be7 4. Nf3 Nc6 5. O-O O-O 6. Nc3 d6 7. Bg5 Bg4 8. a3
Nd4 9. Kh1 Nxf3 10. gxf3 Bh3 11. Rg1 Nh5 12. Bh6 c6 13. f4 Nxf4 14. Rxg7+ Kh8
15. Qg1 Rg8 16. Bxf7 Bg2+ 17. Rxg2 Rxg2 18. Qd1 Bg5 19. d4 Bxh6 20. dxe5 dxe5
21. Qf3 Qh4 22. h3 Rxf2 23. Qe3 Nxh3 24. Qc5 Nf4+ 25. Kg1 Qh2# 0-1

[Event "Outaouais-ch reserve"]
[Site "Gatineau CAN"]
[Date "2016.05.17"]
[Round "6"]
[White "Danilov, Alex"]
[Black "Jobin, Gilles G"]
[Result "1/2-1/2"]
[WhiteElo "1763"]
[BlackElo "1773"]
[PlyCount "85"]
[EventDate "2016.04.12"]
[EventType "swiss"]
[EventRounds "7"]
[EventCountry "CAN"]

1. Nf3 d6 2. c4 e5 3. Nc3 Nf6 4. e3 Be7 5. b3 Bg4 6. h3 Bh5 7. d3 O-O 8. Bb2 c5
9. Be2 h6 10. g4 Bg6 11. Nh4 Nh7 12. Nxg6 fxg6 13. Bf3 Bh4 14. Bd5+ Kh8 15. O-O
Nc6 16. Bg2 Ng5 17. f4 exf4 18. exf4 Ne6 19. Ne2 Bf6 20. Bxf6 Qxf6 21. f5 gxf5
22. Rxf5 Qe7 23. Qd2 Rxf5 24. gxf5 Ned4 25. Nf4 Ne5 26. Rf1 Nxf5 27. Ng6+ Nxg6
28. Rxf5 Nh4 29. Rf2 Nxg2 30. Kxg2 Re8 31. Qf4 Kg8 32. Qf3 Rf8 33. Qd5+ Rf7 34.
Rxf7 Qxf7 35. Qxd6 b6 36. a3 Qb7+ 37. Kg3 Qa6 38. a4 Qc8 39. h4 Kf7 40. h5 Qe6
41. Qc7+ Qe7 42. Qf4+ Qf6 43. Qc7+ 1/2-1/2

[Event "Outaouais-ch reserve"]
[Site "Gatineau CAN"]
[Date "2016.05.17"]
[Round "6"]
[White "Seguin, Hubert"]
[Black "Berthiaume, Serge"]
[Result "0-1"]
[WhiteElo "1555"]
[BlackElo "1462"]
[PlyCount "122"]
[EventDate "2016.04.12"]
[EventType "swiss"]
[EventRounds "7"]
[EventCountry "CAN"]

1. e4 g6 2. d4 Bg7 3. f4 c5 4. d5 d6 5. c4 f5 6. exf5 Bxf5 7. Nc3 Nh6 8. Nf3
Bg4 9. Be2 Bxf3 10. Bxf3 Bd4 11. Qe2 Nf5 12. g4 Nh4 13. Be3 Nxf3+ 14. Qxf3
Bxc3+ 15. bxc3 Qa5 16. Bd2 Qa4 17. Qe4 Qd7 18. h3 Na6 19. O-O O-O-O 20. f5 Rhg8
21. fxg6 Rxg6 22. Rf7 Rdg8 23. Kh2 R8g7 24. Raf1 Kc7 25. Bh6 Rxf7 26. Rxf7 Kb6
27. Rxe7 Qa4 28. Qb1+ Ka5 29. Rxb7 Qxc4 30. Rxh7 Qe2+ 31. Kg3 Rf6 32. Bf4 Qc4
33. Qc1 Qd3+ 34. Qe3 Qxh7 35. c4 Qc2 36. g5 Rf8 37. Bxd6 Rc8 38. Qf4 Qxa2 39.
h4 Qb3+ 40. Kg4 Qd1+ 41. Kf5 Qd3+ 42. Ke6 Qe2+ 43. Be5 Re8+ 44. Kd6 Kb6 45. Qf6
Ka5 46. g6 Qg4 47. g7 Qc8 48. Qf7 Rd8+ 49. Ke7 Rd7+ 50. Kf6 Rxf7+ 51. Kxf7 Qf5+
52. Bf6 Qh7 53. d6 Nb8 54. Ke7 Kb4 55. Kf8 Nd7+ 56. Ke7 Nxf6 57. Kxf6 Qxh4+ 58.
Kf7 Qxc4+ 59. Kf8 Qd5 60. g8=Q Qxd6+ 61. Kf7 Qd5+ 0-1

[Event "Outaouais-ch reserve"]
[Site "Gatineau CAN"]
[Date "2016.05.17"]
[Round "6"]
[White "Thibault, Mario"]
[Black "Lecorre, Joel"]
[Result "1-0"]
[WhiteElo "1767"]
[BlackElo "1584"]
[PlyCount "59"]
[EventDate "2016.04.12"]
[EventType "swiss"]
[EventRounds "7"]
[EventCountry "CAN"]

1. e4 e5 2. Nf3 Nc6 3. d4 exd4 4. Bc4 Be7 5. c3 Nf6 6. e5 Ne4 7. Bd5 Nc5 8.
cxd4 Ne6 9. O-O d6 10. Bxc6+ bxc6 11. Qc2 Bb7 12. Rd1 O-O 13. Nc3 Ng5 14. Nxg5
Bxg5 15. f4 Bh6 16. f5 Qh4 17. Bxh6 Qxh6 18. Qf2 Rfe8 19. Re1 Kh8 20. Re3 dxe5
21. dxe5 Qg5 22. Rae1 Bc8 23. Rf3 Bd7 24. Ne4 Qd8 25. f6 Rxe5 26. fxg7+ Kxg7
27. Rxf7+ Kh8 28. Nf6 Rxe1+ 29. Qxe1 Qxf6 30. Rxf6 1-0

[Event "Outaouais-ch reserve"]
[Site "Gatineau CAN"]
[Date "2016.05.21"]
[Round "7"]
[White "Jobin, Gilles G"]
[Black "Arcand, Pierre"]
[Result "1-0"]
[WhiteElo "1773"]
[BlackElo "1114"]
[PlyCount "55"]
[EventDate "2016.04.12"]
[EventType "swiss"]
[EventRounds "7"]
[EventCountry "CAN"]

1. e4 e5 2. Nf3 Nc6 3. d4 exd4 4. Nxd4 Nxd4 5. Qxd4 d6 6. Nc3 Qf6 7. Qa4+ c6 8.
Be3 a6 9. Nd5 Qd8 10. Bb6 Qd7 11. Nc7+ Ke7 12. Nxa8 c5 13. Qxd7+ Bxd7 14. Nc7
Nf6 15. Nd5+ Nxd5 16. exd5 g6 17. O-O-O Bg7 18. Re1+ Be5 19. f4 f6 20. fxe5
fxe5 21. Bc4 Rf8 22. Rhf1 Ra8 23. Rf2 Bb5 24. Bxb5 axb5 25. Ref1 Rxa2 26. Rf7+
Ke8 27. Rf8+ Ke7 28. R1f7# 1-0

[Event "Pere Noel"]
[Site "Montreal CAN"]
[Date "2016.12.26"]
[Round "1.4"]
[White "Yu, Zong Yang"]
[Black "Marin, Sam"]
[Result "1-0"]
[WhiteElo "2476"]
[BlackElo "2020"]
[PlyCount "55"]
[EventDate "2016.12.26"]
[EventType "swiss"]
[EventRounds "5"]
[EventCountry "CAN"]

1. d4 Nf6 2. c4 e5 3. dxe5 Ng4 4. Nf3 Nc6 5. Nc3 Ngxe5 6. Nxe5 Nxe5 7. e3 Bb4
8. Bd2 O-O 9. Be2 Re8 10. O-O a5 11. Nd5 Bxd2 12. Qxd2 Ra6 13. f4 Nc6 14. Bf3
Ne7 15. e4 Nxd5 16. cxd5 Rh6 17. g3 c6 18. d6 b5 19. Qd4 Ba6 20. e5 b4 21. Rfe1
f6 22. Bg4 fxe5 23. Rxe5 Rxe5 24. fxe5 Rg6 25. Re1 c5 26. Qd5+ Kh8 27. Bxd7
Qxd7 28. e6 1-0

[Event "Pere Noel"]
[Site "Montreal CAN"]
[Date "2016.12.26"]
[Round "1.6"]
[White "Leveille, Francois"]
[Black "Ivakhin, Mikhail"]
[Result "0-1"]
[WhiteElo "2336"]
[BlackElo "2012"]
[PlyCount "92"]
[EventDate "2016.12.26"]
[EventType "swiss"]
[EventRounds "5"]
[EventCountry "CAN"]

1. e4 e6 2. d4 d5 3. Nd2 Nf6 4. Bd3 c5 5. c3 Nc6 6. Ngf3 Qb6 7. O-O Be7 8. dxc5
Bxc5 9. b4 Be7 10. a3 O-O 11. c4 dxc4 12. Nxc4 Qc7 13. Qc2 Ng4 14. Bb2 h6 15.
h3 Nf6 16. b5 Nd8 17. Be5 Qc5 18. a4 b6 19. Nd4 Bb7 20. Nb3 Qc8 21. Qe2 Nd7 22.
Rac1 Nc5 23. Nd6 Qd7 24. Nxc5 bxc5 25. Nc4 f6 26. Bb2 e5 27. Ne3 Ne6 28. Bc4
Bxe4 29. Qd1 Bd6 30. Qb3 Rfe8 31. f3 Bb7 32. f4 exf4 33. Ng4 Kh8 34. Nxf6 gxf6
35. Bxf6+ Ng7 36. Qd3 Be4 37. Qd2 Qc7 38. Qf2 Kh7 39. Rce1 Nf5 40. Rxe4 Rxe4
41. Bd3 Rae8 42. Qc2 Qb7 43. Rd1 Ne3 44. Bxe4+ Rxe4 45. Qd3 Nxd1 46. Qxd1 Re6
0-1

[Event "Pere Noel"]
[Site "Montreal CAN"]
[Date "2016.12.26"]
[Round "1.7"]
[White "Bouchard, Jean-Marc"]
[Black "Masse, Hugues"]
[Result "0-1"]
[WhiteElo "1986"]
[BlackElo "2314"]
[PlyCount "60"]
[EventDate "2016.12.26"]
[EventType "swiss"]
[EventRounds "5"]
[EventCountry "CAN"]

1. e4 e6 2. d4 d5 3. e5 c5 4. c3 Nc6 5. Nf3 Bd7 6. a3 f6 7. exf6 Nxf6 8. Bd3 c4
9. Bc2 Bd6 10. Nbd2 Qc7 11. Nf1 O-O-O 12. Be3 h6 13. Bg6 Be8 14. Qc2 Bxg6 15.
Qxg6 Rhf8 16. h3 Qf7 17. Qxf7 Rxf7 18. N1d2 Nh5 19. O-O Nf4 20. Bxf4 Bxf4 21.
Rfe1 Kd7 22. Re2 g5 23. Rae1 Rf6 24. Nf1 Rg8 25. N3h2 h5 26. g3 Bd6 27. Ne3 b5
28. Kg2 Rgf8 29. Nhf1 a5 30. g4 h4 0-1

[Event "Pere Noel"]
[Site "Montreal CAN"]
[Date "2016.12.26"]
[Round "1.8"]
[White "Zhu, Hong Rui"]
[Black "Gueorguiev, Valentin"]
[Result "1-0"]
[WhiteElo "2311"]
[BlackElo "1982"]
[PlyCount "69"]
[EventDate "2016.12.26"]
[EventType "swiss"]
[EventRounds "5"]
[EventCountry "CAN"]

1. e4 g6 2. d4 Bg7 3. Nf3 c5 4. c3 cxd4 5. cxd4 d5 6. e5 Nh6 7. Nc3 O-O 8. Qb3
e6 9. Bg5 Qa5 10. Qc2 Nc6 11. Bb5 Kh8 12. h4 Ng4 13. Bxc6 bxc6 14. h5 Kg8 15.
hxg6 fxg6 16. Rh4 c5 17. Rxg4 cxd4 18. Rxd4 Bd7 19. Kf1 Rf5 20. Re1 Qc7 21. Qd2
Raf8 22. Bh6 Bxh6 23. Qxh6 Rh5 24. Qd2 Rh1+ 25. Ke2 Rh5 26. Kd1 Qb6 27. Kc1 a5
28. Kb1 Ra8 29. Rf4 Rb8 30. g4 Rh3 31. Ng5 Rh2 32. Rf6 Qc5 33. Rf7 Be8 34. Nxe6
Qb6 35. Rf8# 1-0

[Event "Pere Noel"]
[Site "Montreal CAN"]
[Date "2016.12.26"]
[Round "1.9"]
[White "Ouellet, Maili-Jade"]
[Black "Soudre, Nicolas"]
[Result "1-0"]
[WhiteElo "1959"]
[BlackElo "2261"]
[PlyCount "105"]
[EventDate "2016.12.26"]
[EventType "swiss"]
[EventRounds "5"]
[EventCountry "CAN"]

1. d4 e6 2. c4 Nf6 3. Nc3 d5 4. cxd5 exd5 5. Qc2 c6 6. Bg5 Be7 7. e3 O-O 8. Bd3
Nbd7 9. Nf3 Re8 10. O-O Nf8 11. h3 Be6 12. Rab1 Rc8 13. b4 b6 14. Rfc1 Ng6 15.
Ne5 Nxe5 16. dxe5 Nd7 17. Bxh7+ Kh8 18. Bf4 g6 19. Bxg6 fxg6 20. Qxg6 Nf8 21.
Qh6+ Kg8 22. Ne2 Qd7 23. Rc3 Bd8 24. e4 Qh7 25. Nd4 Qxh6 26. Bxh6 c5 27. bxc5
bxc5 28. Rg3+ Kh7 29. Bxf8 cxd4 30. Rb7+ Rc7 31. Rxc7+ Bxc7 32. Rg7+ Kh8 33.
Rxc7 Rxf8 34. exd5 Bxd5 35. Rd7 Bxa2 36. Rxd4 Be6 37. Ra4 Ra8 38. Ra5 a6 39. f4
Bc4 40. g4 Rd8 41. Rc5 Bb5 42. f5 Rb8 43. e6 Kg7 44. g5 Rb7 45. f6+ Kg6 46. Rc8
Bd7 47. Rg8+ Kf5 48. f7 Rb1+ 49. Kf2 Rb2+ 50. Ke3 Rb3+ 51. Kd2 Rb2+ 52. Kc3
Rb3+ 53. Kc2 1-0

[Event "Pere Noel"]
[Site "Montreal CAN"]
[Date "2016.12.26"]
[Round "1.10"]
[White "Voskanyan, Vahagn"]
[Black "Li, Yi Lin"]
[Result "1-0"]
[WhiteElo "2251"]
[BlackElo "1950"]
[PlyCount "53"]
[EventDate "2016.12.26"]
[EventType "swiss"]
[EventRounds "5"]
[EventCountry "CAN"]

1. Nf3 Nf6 2. c4 e6 3. b3 d5 4. Bb2 c5 5. e3 Nc6 6. cxd5 exd5 7. d4 Bg4 8. Be2
cxd4 9. Nxd4 Bb4+ 10. Kf1 Nxd4 11. Bxd4 Bxe2+ 12. Qxe2 O-O 13. g3 Ne4 14. Kg2
Rc8 15. Rd1 b6 16. a3 Bc5 17. Bb2 Qg5 18. h4 Qf5 19. Nd2 Rfe8 20. Rac1 Nxd2 21.
Rxd2 Qe4+ 22. Qf3 Rcd8 23. Rcd1 Bf8 24. Qxe4 Rxe4 25. Rxd5 Rc8 26. R1d2 Re7 27.
Kf3 1-0

[Event "Pere Noel"]
[Site "Montreal CAN"]
[Date "2016.12.26"]
[Round "1.12"]
[White "Lopez Linares, Lizandro"]
[Black "Nesterov, Timour"]
[Result "1-0"]
[WhiteElo "2239"]
[BlackElo "1878"]
[PlyCount "61"]
[EventDate "2016.12.26"]
[EventType "swiss"]
[EventRounds "5"]
[EventCountry "CAN"]

1. d4 d5 2. c4 e6 3. Nc3 Nf6 4. Bg5 Be7 5. e3 Nbd7 6. Nf3 O-O 7. Rc1 c5 8. cxd5
cxd4 9. Qxd4 Nxd5 10. Nxd5 Bxg5 11. Nc7 Bf6 12. Qb4 Rb8 13. Be2 b6 14. O-O Bb7
15. Rfd1 Rc8 16. Nb5 Rxc1 17. Rxc1 Nc5 18. Nxa7 Bxf3 19. gxf3 Qd5 20. Qxb6 Qd2
21. Qxc5 Qxe2 22. Kg2 Qxb2 23. a4 h5 24. Nc6 Ra8 25. a5 Bd8 26. Rc2 Qb1 27. Rd2
Bf6 28. Qb6 Qc1 29. Rd7 Qc4 30. Qc7 Ra6 31. Ne7+ 1-0

[Event "Pere Noel"]
[Site "Montreal CAN"]
[Date "2016.12.26"]
[Round "1.13"]
[White "Zumsteg, Nicolas"]
[Black "Beaulieu, Eric"]
[Result "0-1"]
[WhiteElo "1862"]
[BlackElo "2202"]
[PlyCount "50"]
[EventDate "2016.12.26"]
[EventType "swiss"]
[EventRounds "5"]
[EventCountry "CAN"]

1. e4 e6 2. d4 d5 3. Nd2 Nf6 4. e5 Nfd7 5. Bd3 c5 6. c3 Nc6 7. Ne2 cxd4 8. cxd4
f6 9. exf6 Nxf6 10. Nf3 Bd6 11. Bf4 Bxf4 12. Nxf4 O-O 13. O-O Ne4 14. Ne2 Rxf3
15. gxf3 Ng5 16. Ng3 Nxd4 17. f4 Ngf3+ 18. Kg2 Qh4 19. Rh1 e5 20. h3 Qxf4 21.
Ne2 Nh4+ 22. Kf1 Qf3 23. Ng3 Qg2+ 24. Ke1 Nhf3+ 25. Qxf3 Nxf3+ 0-1

[Event "Pere Noel"]
[Site "Montreal CAN"]
[Date "2016.12.26"]
[Round "1.14"]
[White "Fillion, Steve"]
[Black "Zhong, Kevin"]
[Result "1-0"]
[WhiteElo "2144"]
[BlackElo "1819"]
[PlyCount "151"]
[EventDate "2016.12.26"]
[EventType "swiss"]
[EventRounds "5"]
[EventCountry "CAN"]

1. e4 c5 2. Ne2 Nc6 3. g3 d5 4. Bg2 dxe4 5. Bxe4 Nf6 6. Bxc6+ bxc6 7. Nec3 Bg4
8. f3 Bf5 9. Na3 e6 10. d3 Be7 11. Nc4 O-O 12. Bd2 Nd5 13. a3 Bf6 14. Ne4 Bxe4
15. fxe4 Nb6 16. Ba5 Qb8 17. Bxb6 axb6 18. Rb1 b5 19. Nd2 Rd8 20. Qe2 Ra7 21.
O-O Rad7 22. Nf3 Qa7 23. Kh1 b4 24. e5 Be7 25. Nd2 bxa3 26. bxa3 Qxa3 27. Nc4
Qc3 28. Rf4 Rd4 29. Rff1 R4d7 30. Kg2 Qd4 31. Kh3 Bf8 32. Qe1 Ra7 33. Rf4 Qd7
34. Qf2 Rb7 35. Rf1 Rdb8 36. Qf3 Rb1 37. Rf2 R1b7 38. g4 g6 39. g5 Ra7 40. Kg3
Bg7 41. Rf1 Rd8 42. Qf2 Qe7 43. h4 Rad7 44. Qe3 Rd4 45. R4f3 Rf8 46. Kh3 Rd5
47. Rf6 Rfd8 48. R6f3 Rf8 49. Qe4 Qc7 50. Re3 Rd4 51. Qf3 Rd5 52. Rd1 Rfd8 53.
h5 Qe7 54. Rg1 Qc7 55. Qg3 Qe7 56. Nb6 Rd4 57. c3 R4d5 58. Nxd5 cxd5 59. h6 Bf8
60. d4 c4 61. Rf3 Qb7 62. Rgf1 Rd7 63. Qf2 Qa7 64. Rf6 Re7 65. Rb1 Rb7 66. Rxb7
Qxb7 67. Kg4 Qa7 68. Qb2 Qa4 69. Rf1 Qc6 70. Ra1 Qc8 71. Rf1 Qc7 72. Qb5 Qc8
73. Qb6 Qa8 74. Qc7 Qe8 75. Qb7 Be7 76. Ra1 1-0

[Event "Pere Noel"]
[Site "Montreal CAN"]
[Date "2016.12.26"]
[Round "1.15"]
[White "Guipi Bopala, Prince Eric jr"]
[Black "Robichaud, Louis"]
[Result "0-1"]
[WhiteElo "1806"]
[BlackElo "2141"]
[PlyCount "78"]
[EventDate "2016.12.26"]
[EventType "swiss"]
[EventRounds "5"]
[EventCountry "CAN"]

1. d4 Nf6 2. c4 g6 3. Nc3 Bg7 4. e4 d6 5. f3 O-O 6. Be3 c5 7. Nge2 Nc6 8. d5
Ne5 9. Ng3 e6 10. Be2 exd5 11. cxd5 a6 12. a4 h5 13. O-O h4 14. Nh1 h3 15. g4
Re8 16. Nf2 Rb8 17. Nxh3 b5 18. axb5 axb5 19. Bxb5 Bd7 20. Bxd7 Nfxd7 21. Qe2
c4 22. Nf2 Qf6 23. f4 Nd3 24. g5 Qe7 25. Nxd3 cxd3 26. Qxd3 Rxb2 27. Ra7 Rb4
28. Bf2 Qd8 29. Bg3 Nc5 30. Qe3 Bd4 31. Qxd4 Rxd4 32. f5 Qxg5 33. fxg6 Qxg6 34.
Nb5 Rd3 35. Nxd6 Rxg3+ 36. hxg3 Qxd6 37. Rfxf7 Qxg3+ 38. Kh1 Rxe4 39. Rfc7 Rh4#
0-1